LEADER 02769nam 22005052 450 001 9910157363703321 005 20180126170218.0 010 $a1-78308-609-2 035 $a(CKB)3710000000983993 035 $a(MiAaPQ)EBC4773867 035 $a(UkCbUP)CR9781783086085 035 $a(EXLCZ)993710000000983993 100 $a20171031d2017|||| uy| 0 101 0 $aeng 135 $aur||||||||||| 181 $ctxt$2rdacontent 182 $cc$2rdamedia 183 $acr$2rdacarrier 200 10$aConflict and sustainability in a changing environment $ethrough the eyes of communities /$fGwendolyn Smith and Elena P. Bastidas$b[electronic resource] 210 1$aLondon :$cAnthem Press,$d2017. 215 $a1 online resource (xv, 191 pages) $cdigital, PDF file(s) 225 1 $aAnthem ecosystem services and restoration series 300 $aTitle from publisher's bibliographic system (viewed on 25 Jan 2018). 311 $a1-78308-607-6 311 $a1-78308-608-4 320 $aIncludes bibliographical references and index. 327 $aMachine generated contents note: List of Figures and Tables; Preface; Acknowledgements; 1. Introduction; 2. Researching Views in Community Development; 3. New Framework for Researching Views in Community Development; 4. Social Polygraphy: An Approach to Obtaining Information through Mutual Learning; 5. Exploring the Underlying Values; 6. Making Sense of the World; 7. Sustainable Decisions; 8. Working with Community Views; References; Index. 330 $aUsing a case study of the Trio indigenous peoples in Suriname, Conflict and Sustainability in a Changing Environment presents an inside view of a community facing climate change and on the path toward sustainable development. Smith and Bastidas take the reader beyond an examination of examples from the field of practice and into a thorough case study on climate change. With more than ten years of field experience, Smith and Bastidas present an in-depth, bottom-up analysis of sustainable development, including tools for practitioners, insight for academics and advice to policymakers. 410 0$aAnthem ecosystem services and restoration. 606 $aCommunity development$xEnvironmental aspects 606 $aSocial conflict 606 $aSustainable development 615 0$aCommunity development$xEnvironmental aspects. 615 0$aSocial conflict. 615 0$aSustainable development. 676 $a307.1/4 686 $aSOC019000$aSOC024000$2bisacsh 700 $aSmith$b Gwendolyn$0853642 702 $aBastidas$b Elena P. 801 0$bUkCbUP 801 1$bUkCbUP 906 $aBOOK 912 $a9910157363703321 996 $aConflict and sustainability in a changing environment$91906021 997 $aUNINA LEADER 04101oam 2200697I 450 001 9910786385603321 005 20230803025924.0 010 $a0-203-10894-9 010 $a1-136-26774-3 024 7 $a10.4324/9780203108949 035 $a(CKB)2670000000353028 035 $a(EBL)1181064 035 $a(SSID)ssj0000877117 035 $a(PQKBManifestationID)12380775 035 $a(PQKBTitleCode)TC0000877117 035 $a(PQKBWorkID)10907508 035 $a(PQKB)10548076 035 $a(MiAaPQ)EBC1181064 035 $a(Au-PeEL)EBL1181064 035 $a(CaPaEBR)ebr10691701 035 $a(CaONFJC)MIL485189 035 $a(OCoLC)845254066 035 $a(OCoLC)841809995 035 $a(FINmELB)ELB133858 035 $a(EXLCZ)992670000000353028 100 $a20180706d2013 uy 0 101 0 $aeng 135 $aur|n|---||||| 181 $ctxt 182 $cc 183 $acr 200 00$aManaging ethnic diversity in Russia /$fedited by Oleh Protsyk and Benedikt Harzl 210 1$aAbingdon, Oxon :$cRoutledge,$d2013. 215 $a1 online resource (297 p.) 225 1 $aRoutledge Contemporary Russia and Eastern Europe Series ;$v40 300 $aDescription based upon print version of record. 311 $a0-415-62951-9 311 $a0-415-53148-9 320 $aIncludes bibliographical references and index. 327 $aCover; Title; Copyright; Contents; List of figures and tables; Notes on contributors; Acknowledgements; Introduction; PART I Domestic and international legal framework; 1 Russian legislation in the area of minority rights; 2 International norms and legal status of minority languages in Russia; 3 National-cultural autonomy in Russia: a matter of legal regulation or the symbolic construction of an ethnic mosaic?; PART II Ethnic federalism and minority governance; 4 The homogeneity of Russia, or the remains of an empire (federalism and regionalism) 327 $a5 Governance and the types of political regimes in the ethnic regions of Russia6 The Northern Caucasus and challenges of minority governance; PART III Majority and minority identities; 7 The ethno-political pendulum: the dynamics of the relationship between ethnic minorities and majorities in post-Soviet Russia; 8 Russian government policies and minority identities; PART IV Political participation and representation; 9 Ethnic mobilization; 10 Ethnic federalism, electoral systems, and the representation of ethnic minorities: evidence from Russia 327 $a11 The descriptive and substantive representation of ethnic minorities in the Russian parliamentConclusion: Regime transition, political institutions and minority politics in Russia; Index 330 $aThis book provides a comprehensive overview of the norms and practices of ethnic diversity management in the Russian Federation in the last twenty years. It examines the evolution of the legal framework, the institutional architecture and the policies intended to address the large number of challenges posed by Russia's immense ethno-cultural diversity. It analyses the legal, social and political changes affecting ethno-cultural relations and the treatment of ethnic minorities, and assesses how ethnic diversity both influences and is shaped by transformations in Russian politics and society. 410 0$aRoutledge Contemporary Russia and Eastern Europe Series ;$v40. 606 $aMinorities$xGovernment policy$zRussia (Federation) 606 $aMinorities$xLegal status, laws, etc$zRussia (Federation) 606 $aMinorities$xPolitical activity$zRussia (Federation) 607 $aRussia (Federation)$xEthnic relations 615 0$aMinorities$xGovernment policy 615 0$aMinorities$xLegal status, laws, etc. 615 0$aMinorities$xPolitical activity 676 $a323.147 701 $aHarzl$b Benedikt$01506165 701 $aProtsyk$b Oleh$01506166 801 0$bMiAaPQ 801 1$bMiAaPQ 801 2$bMiAaPQ 906 $aBOOK 912 $a9910786385603321 996 $aManaging ethnic diversity in Russia$93736254 997 $aUNINA LEADER 03422nam 2200505 450 001 9910798679603321 005 20230126215531.0 010 $a1-63505-248-3 035 $a(CKB)3710000000841129 035 $a(EBL)4660603 035 $a(MiAaPQ)EBC4660603 035 $a(Au-PeEL)EBL4660603 035 $a(CaPaEBR)ebr11252777 035 $a(OCoLC)957700516 035 $a(EXLCZ)993710000000841129 100 $a20160914h20162016 uy 0 101 0 $aeng 135 $aur|n|---||||| 181 $2rdacontent 182 $2rdamedia 183 $2rdacarrier 200 10$aCrisis management $ethe art of success & failure : 30 case studies in business & politics /$fYunus D. Saleh 210 1$aMinneapolis, Minnesota :$cMill City Press,$d2016. 210 4$dİ2016 215 $a1 online resource (275 p.) 300 $aDescription based upon print version of record. 311 $a1-63505-150-9 320 $aIncludes bibliographical references. 327 $aCover Page; PREFACE; INTRODUCTION; PART ONE: Crisis Types, Symptoms, and Causes; Models and Theories Associated with Crisis Management; Crisis Management Planning; Leadership Under Stress; Case Study 1: JetBlue Valentine's Day Crisis (2007); Case Study 2: West Africa Ebola Outbreak (2014); Case Study 3: Maple Leaf Listeriosis (2008); The Art of Decision-Making; Case Study 4: Susan G. Komen for the Cure (2012); Case Study 5: Lego and Shell vs. Greenpeace; Preparation and Predictability; Case Study 6: Tesco; Case Study 7: How Sweden Survived the 2008 Financial Crisis 327 $aCase Study 8: How India Survived 2008Social Media and Crisis Communication; Case Study 9: The Costa Concordia Disaster (2012); Pressure Groups and Public Participation; Case Study 10: Pink Slime Crisis (2012); Do Ethics Matter?; Case Study 11: Egyptian Crisis (2013); Case Study 12: BP Oil Spill (2010); Organizational Culture as a Source of Crisis; Case Study 13: J.C. Penney Hiring an Outsider CEO (2012); Case Study 14: The BBC-Jimmy Savile Sexual Abuse Case (2012); Crisis as an Opportunity; Case Study 15: The Norway Terrorist Attacks (2011); Business Recovery and Continuity 327 $aCase Study 16: Germany Recovered from the 2008 Financial CrisisPART TWO: Miscellaneous Crisis Case Studies; Case Study 17: Refugees in the EU 2015 Crisis; Case Study 18: The Chinese Stock Market Crash (2015); Case Study 19: The Belgian Political Crisis (2007-2011); Case Study 20: Starbucks U.K. Tax (2012); Case Study 21: Sony Pictures Cyberattack (2014); Case Study 22: FIFA Corruption Crisis (2014); Case Study 23: Iraqi Failure in Crisis Management; Case Study 24: JPMorgan Chase Financial Crisis (2013); Case Study 25: Southwest Airlines (2013); Case Study 26: Asiana Airlines Crisis (2013) 327 $aCase Study 27: Tesla Motors Crisis (2013)Case Study 28: The Fall of Lehman Brothers; Case Study 29: Siemens China (2012); Case Study 30: Toyota Recall 2010; Conclusion: Lessons Learned from Crisis Management; REFERENCES 606 $aCrisis management$zUnited States 606 $aStrategic planning$xSocial aspects 615 0$aCrisis management 615 0$aStrategic planning$xSocial aspects. 676 $a363.345 700 $aSaleh$b Yunus D.$01502754 801 0$bMiAaPQ 801 1$bMiAaPQ 801 2$bMiAaPQ 906 $aBOOK 912 $a9910798679603321 996 $aCrisis management$93730696 997 $aUNINA LEADER 04622nam 2200745 a 450 001 9910954424903321 005 20251116190826.0 010 $a0-8166-8474-X 035 $a(CKB)1000000000347205 035 $a(EBL)310219 035 $a(OCoLC)476093034 035 $a(SSID)ssj0000102647 035 $a(PQKBManifestationID)11127616 035 $a(PQKBTitleCode)TC0000102647 035 $a(PQKBWorkID)10050653 035 $a(PQKB)10697169 035 $a(MiAaPQ)EBC310219 035 $a(OCoLC)567981361 035 $a(MdBmJHUP)muse38855 035 $a(Au-PeEL)EBL310219 035 $a(CaPaEBR)ebr10159404 035 $a(CaONFJC)MIL523057 035 $a(OCoLC)437188425 035 $a(EXLCZ)991000000000347205 100 $a19920603d1992 ub 0 101 0 $aeng 135 $aur|||||||nn|n 181 $ctxt 182 $cc 183 $acr 200 00$aAmerindian images and the legacy of Columbus /$fRene Jara and Nicholas Spadaccini, editors 205 $a1st ed. 210 $aMinneapolis $cUniversity of Minnesota Press$dc1992 215 $a1 online resource (769 p.) 225 1 $aHispanic issues ;$vv. 9 300 $aDescription based upon print version of record. 311 08$a0-8166-2167-5 311 08$a0-8166-2166-7 320 $aIncludes bibliographical references and index. 327 $aContents; Introduction: The Construction of a Colonial Imaginary: Columbus's Signature; Chapter 1 Word and Mirror: Presages of the Encounter; Chapter 2 De Bry's Las Casas; Chapter 3 (Re)discovering Aztec Images; Chapter 4 Fantastic Tales and Chronicles of the Indies; Chapter 5 Reading in the Margins of Columbus; Chapter 6 To Read Is to Misread, To Write Is to Miswrite: Las Casas as Transcriber; Chapter 7 Loving Columbus; Chapter 8 Fray Ramo?n Pane?, Discoverer of the Tai?no People 327 $aChapter 9 Colonial Writing and Indigenous Discourse in Ramo?n Pane?'s Relacio?n acerca de las antigu?edades de los indios Chapter 10 When Speaking Was Not Good Enough: Illiterates, Barbarians, Savages, and Cannibals; Chapter 11 Colonial Reform or Utopia? Guaman Poma's Empire of the Four Parts of the World; Chapter 12 Amerindian Image and Utopian Project: Motolini?a and Millenarian Discourse; Chapter 13 The Place of the Translator in the Discourses of Conquest: Herna?n Corte?s's Cartas de relacio?n and Roland Joffe?'s The Mission 327 $aChapter 14 Other-Fashioning: The Discourse of Empire and Nation in Lope de Vega's El nuevo mundo descubierto por Cristo?bal Colo?n Chapter 15 Authoritarianism in Brazilian Colonial Discourse; Chapter 16 Sor Juana Ine?s de la Cruz; or, The Snares of (Con)(tra)di(c)tion; Chapter 17 The Indian as Image and as Symbolic Structure: Bartolome? Arza?ns's Historia de la Villa Imperial de Potosi?; Chapter 18 Images of America in Eighteenth-Century Spanish Comedy; Chapter 19 Humboldt and the Reinvention of America; Chapter 20 Atahuallpa Inca: Axial Figure in the Encounter of Two Worlds 327 $aChapter 21 Art and Resistance in the Andean World Chapter 22 Saer's Fictional Representation of the Amerindian in the Context of Modern Historiography; Chapter 23 An Image of Hispanic America from the Spain of 1992; Contributors; Index 330 $aThe legacy of Columbus's discovery of the New World and its subsequent colonization is a current focus of much historical investigation. Columbus himself continues to be a cipher like the signature he crafted for himself, a signature no one has been able to decode. What is certain, however, is that this signature symbolized the construction of a colonial imagery that is still operative and that the consequences of the violent encounter between the European and Amerindian civilizations are now being debated and reinterpreted. Amerindian Images and the Legacy of Columbus examines the constitution 410 0$aHispanic issues ;$v9. 606 $aIndians$xHistory$vSources 606 $aIndians in literature 606 $aIndians$xPublic opinion 606 $aPublic opinion$zEurope 607 $aAmerica$xDiscovery and exploration 607 $aSpain$xColonies$zAmerica 615 0$aIndians$xHistory 615 0$aIndians in literature. 615 0$aIndians$xPublic opinion. 615 0$aPublic opinion 676 $a970.01/5 701 $aJara$b Rene?$f1941-$0408432 701 $aSpadaccini$b Nicholas$0163186 801 0$bMiAaPQ 801 1$bMiAaPQ 801 2$bMiAaPQ 906 $aBOOK 912 $a9910954424903321 996 $aAmerindian images and the legacy of Columbus$91451870 997 $aUNINA